000 00770nam a22002537a 4500
003 DO-SdBNP
005 20250122105004.0
007 ta
008 211102b2017 pr ||||| |||| 00| 0 eng d
020 _a9789945581942
040 _aDo-SdBNP
_bspa
_cBNPHU
082 4 _222
100 1 _a Lugo Ramírez, Doris E.
_d1965-
_986902
100 1 _a Lugo Ramírez, Doris E.
_d1965-
_986902
245 1 0 _aTranseúnte /
_cDoris E. Lugo Ramírez
260 _aSan Juan, Puerto Rico :
_bIsla Negra,
_c2017.
300 _a78 p. ;
_c22 cm.
490 1 _aJosemilio González
500 _aIncliuye datos biográficos de la autora en la solapa de la cubierta
590 _aInventariado, 2021/BT
830 0 _aJosemilio González
_96541
910 _aBtavárez
942 _2ddc
_cLBS1
999 _c50850
_d50850